书目信息 |
| 题名: |
营销功夫
|
|
| 作者: | 周文辉 著 | |
| 分册: | ||
| 出版信息: | 北京 机械工业出版社 2021.01 |
|
| 页数: | XV, 204页 | |
| 开本: | 23cm | |
| 丛书名: | ||
| 单 册: | ||
| 中图分类: | F713.50 | |
| 科图分类: | ||
| 主题词: | 市场营销学--shi chang ying xiao xue--通俗读物 | |
| 电子资源: | ||
| ISBN: | 978-7-111-66985-2 | |
| 000 | 01004nam0 2200277 450 | |
| 001 | 202021044982 | |
| 005 | 20211025120153.0 | |
| 010 | @a978-7-111-66985-2@dCNY59.00 | |
| 100 | @a20211006d2021 em y0chiy50 ea | |
| 101 | 0 | @achi |
| 102 | @aCN@b110000 | |
| 105 | @aa z 000yy | |
| 106 | @ar | |
| 200 | 1 | @a营销功夫@Aying xiao gong fu@d= Marketing kungfu@e一心九式@f周文辉著@zeng |
| 210 | @a北京@c机械工业出版社@d2021.01 | |
| 215 | @aXV, 204页@c图@d23cm | |
| 300 | @a华章经营 | |
| 314 | @a周文辉, 中南大学商学院市场营销学教授、博士生导师等职。 | |
| 330 | @a本书由中南大学商学院周文辉教授匠心打磨、持续迭代而成, 是简明而系统的营销功夫修炼宝典。内容包括: 修炼自己的心 ; 凝聚团队的心 ; 经营用户 ; 价值定位 ; 价值创造等。 | |
| 510 | 1 | @aMarketing kungfu@zeng |
| 517 | 1 | @a一心九式@Ayi xin jiu shi |
| 606 | 0 | @a市场营销学@Ashi chang ying xiao xue@j通俗读物 |
| 690 | @aF713.50@v5 | |
| 701 | 0 | @a周文辉@Azhou wen hui@4著 |
| 801 | 0 | @aCN@c20210909 |
| 905 | @a河南城建学院图书馆@dF713.50@eZ802 | |
| 营销功夫= Marketing kungfu:一心九式/周文辉著.-北京:机械工业出版社,2021.01 |
| XV, 204页:图;23cm |
| 华章经营 |
| ISBN 978-7-111-66985-2:CNY59.00 |
| 本书由中南大学商学院周文辉教授匠心打磨、持续迭代而成, 是简明而系统的营销功夫修炼宝典。内容包括: 修炼自己的心 ; 凝聚团队的心 ; 经营用户 ; 价值定位 ; 价值创造等。 |
| ● |
| 相关链接 |
|
|
|
正题名:营销功夫
索取号:F713.50/Z802
 
预约/预借
| 序号 | 登录号 | 条形码 | 馆藏地/架位号 | 状态 | 备注 |
| 1 | 1544676 | 215446765 | 社科库409/409社科库 44排1列3层/ [索取号:F713.50/Z802] | 在馆 | |
| 2 | 1544677 | 215446774 | 社科库409/409社科库 44排1列3层/ [索取号:F713.50/Z802] | 在馆 |